00700nam a2200181 a 450000100060000000300090000600800410001502000150005604000280007108200160009910000260011524500310014126000230017230000100019550502680020565000250047365000200049823032CO-ViMGA141112s2004 ck r 000 u spa d a9580438625 aCO-ViMGAbspacCO-ViMGA04a823.83 W3571 aWells, Herbert George10aLa isla del doctor moreau aColombia : bNorma a248p. aEn el note salva vidas de lady, El rostro extraño, El hombre que no tenia a donde ir, La puerta cerrada, La criatura del bosuqe, A la caza del hombre, Dialogos de paz, Sobre el pueblo bestia, Una catastrofe, Las naves quemadas, La regresion de la gente - bestia14aCIENTIFICOS - NOVELA14aNOVELA INGLESA